000
00266 a2200085 4500
020
_a
9781797226828
100
_a
Ellen Lupton
245
_a
Thinking with Type: A Critical Guide for Designers, Writers, Editors, and Students
260
_b
Princeton Architectural Press
_c
2024
999
_c
13257
_d
13257